[Event "The Magnificent Seven"]
[Site "SchemingMind.com"]
[Date "2010.03.10"]
[Round "-"]
[White "Arno Aartsen"]
[Black "Clive Everill"]
[Result "0-1"]
[WhiteCountry "NED"]
[BlackCountry "CZE"]
[WhiteElo "1494"]
[WhiteRD "102"]
[BlackElo "1664"]
[BlackRD "50"]
[GameID "241538"]

1. d4 f5 2. e3 Nf6 3. Bd3 e6 4. f4 b6 5. h3 Bb7 6. Rh2 Nd5 7. Bd2 Nc6 8. a3 g6 9. Nc3 Nf6 10. Qe2 a5
11. Nf3 Bg7 12. O-O-O Qe7 13. Nb5 O-O-O 14. Rg1 h6 15. g4 Nd5 16. g5 h5 17. h4 Kb8 18. Nc3 Nxc3 19. Bxc3 d6 20. Rd1 e5
21. Nd2 e4 22. Bc4 d5 23. Ba2 Ka7 24. Nb3 Nb8 25. Nd2 c5 26. Nb1 Nc6 27. Rd2 c4 28. b3 b5 29. Bb2 Ba6 30. c3 cxb3
31. Bxb3 b4 32. c4 dxc4 33. Bxc4 Bxc4 34. Qxc4 Rc8 35. Qc5+ Qxc5+ 36. dxc5 Bxb2+ 37. Kxb2 bxa3+ 38. Nxa3 Rb8+ 39. Kc3 Rh7 40. Ra2 Nb4
41. Rad2 Nd3 42. Nc4 Rb5 43. Ra2 Ka6 44. c6 Rc7 45. Ne5 Nxe5 46. fxe5 Rxe5 47. Kd4 Re6 48. Rac2 Rcxc6 49. Rxc6+ Rxc6 50. Ra2 Rb6
51. Kc4 Rd6 52. Kc3 Rd3+ 53. Kc4 Rxe3 54. Rh2 f4 55. Kd4 Re1 56. Kc3 f3 57. Kd2 Rg1 58. Ke3 Re1+ 59. Kd2 Re2+ 60. Rxe2 fxe2
61. Kxe2 Kb5 62. Ke3 a4 63. Kxe4 a3 64. Ke5 a2 65. Kf6 a1=Q+ 66. Kxg6 Qh8 67. Kf5 Kc5 68. g6 Kd5 69. Kg5 Ke6 70. g7 Qxg7+
71. Kxh5 Qe5+ 72. Kg4 Kf6 73. Kh3 Kg6 74. Kg4 Qf5+ 75. Kg3 Kh5 76. Kg2 Kxh4 77. Kg1 Kh3 78. Kh1 Qf1#
0-1

[Event "The Magnificent Seven"]
[Site "SchemingMind.com"]
[Date "2010.03.10"]
[Round "-"]
[White "Clive Everill"]
[Black "Arno Aartsen"]
[Result "0-1"]
[WhiteCountry "CZE"]
[BlackCountry "NED"]
[WhiteElo "1684"]
[WhiteRD "50"]
[BlackElo "1508"]
[BlackRD "100"]
[GameID "241539"]

1. e4 e5 2. Nc3 Nf6 3. f4 d6 4. Nf3 a6 5. d4 exd4 6. Nxd4 Qe7 7. Bd3 Bd7 8. O-O Bg4 9. Qe1 Nfd7 10. f5 g6
11. h3 Bxh3 12. gxh3 Rg8 13. Nd5 Qd8 14. Qg3 Nf6 15. Nxf6+ Qxf6 16. fxg6 Rxg6 17. Rxf6 Rxg3+ 18. Kh2 Rxd3 19. cxd3 Bg7 20. Bg5 Nd7
21. Raf1 Nxf6 22. Bxf6 Bf8 23. Rg1 Kd7 24. Nf5 Re8 25. Rg8 h6 26. Bg7 Bxg7 27. Rxg7 Kc6 28. Rxf7 Rh8 29. Ne7+ Kb5 30. Nd5 c6
31. Nc3+ Kb6 32. Na4+ Ka7 33. d4 Re8 34. Nc3 h5 35. Rh7 Rf8 36. Kg3 Rg8+ 37. Kh4 Rg2 38. Kxh5 Rxb2 39. a4 Rb3 40. Ne2 Rxh3+
41. Kg6 Re3 42. Nf4 Rxe4 43. Ne6 Rxe6+ 44. Kf5 Re2 45. a5 Ra2 46. Ke6 d5 47. Kd6 Rxa5 48. Rf7 Rb5 49. Rc7 a5 50. Rf7 a4
51. Rf2 Ra5 52. Kc7 a3 53. Ra2 b5 54. Kxc6 b4 55. Re2 a2 56. Re7+ Ka6 57. Rb7 a1=Q 58. Rb6+ Ka7 59. Rb7+ Ka8 60. Rxb4 Qc3+
0-1

[Event "The Magnificent Seven"]
[Site "SchemingMind.com"]
[Date "2010.03.11"]
[Round "-"]
[White "XTC"]
[Black "Clive Everill"]
[Result "1-0"]
[WhiteCountry "COL"]
[BlackCountry "CZE"]
[WhiteElo "1857"]
[WhiteRD "56"]
[BlackElo "1682"]
[BlackRD "50"]
[GameID "241570"]

1. e4 Nc6 2. Nc3 Nf6 3. d4 b6 4. e5 Ng8 5. Nf3 e6 6. Bb5 Bb7 7. a3 Nge7 8. O-O Ng6 9. Be3 Be7 10. Qd3 a6
11. Bxc6 Bxc6 12. d5 exd5 13. Nxd5 O-O 14. Nxe7+ Qxe7 15. Bd4 d5 16. exd6 Qxd6 17. Rad1 Nf4 18. Be5 Qh6 19. Qe3 Bxf3 20. Bxf4 Qf6
21. Qxf3 Qxb2 22. Bxc7 b5 23. Rd7 Qf6 24. Qxf6 gxf6 25. Re1 Rfe8 26. Rxe8+ Rxe8 27. Rd8 Kf8 28. Bd6+
1-0

[Event "The Magnificent Seven"]
[Site "SchemingMind.com"]
[Date "2010.03.13"]
[Round "-"]
[White "XTC"]
[Black "Arno Aartsen"]
[Result "1-0"]
[WhiteCountry "COL"]
[BlackCountry "NED"]
[WhiteElo "1857"]
[WhiteRD "56"]
[BlackElo "1481"]
[BlackRD "100"]
[GameID "241571"]

1. e4 e5 2. Nf3 a6 3. Nxe5 Qe7 4. Nf3 Qxe4+ 5. Be2 Qg6 6. O-O Nf6 7. Re1 Be7 8. d4 O-O 9. Bd3 Qg4 10. h3 Qh5
11. Rxe7 Nd5 12. Re5 Qxe5 13. dxe5 Re8 14. c4
1-0

[Event "The Magnificent Seven"]
[Site "SchemingMind.com"]
[Date "2010.03.11"]
[Round "-"]
[White "Clive Everill"]
[Black "XTC"]
[Result "0-1"]
[WhiteCountry "CZE"]
[BlackCountry "COL"]
[WhiteElo "1684"]
[WhiteRD "50"]
[BlackElo "1842"]
[BlackRD "61"]
[GameID "241572"]

1. e4 e5 2. Nc3 Bc5 3. f4 d6 4. Nf3 Nf6 5. d3 Bg4 6. Be2 Nbd7 7. f5 c6 8. Bg5 O-O 9. a3 h6 10. Bd2 Qb6
11. b4 Bxf3 12. Bxf3 Bg1 13. Qe2 Bxh2 14. Be3 Bg3+ 15. Kd2 Bf4 16. Bxf4 exf4 17. Rh4 a5 18. bxa5 Qxa5 19. Rxf4 b5 20. Qe1 Nc5
21. Ke3 Rfe8 22. Kf2 b4 23. Ne2 b3 24. Qxa5 Rxa5 25. cxb3 Nxb3 26. Ra2 Rea8 27. a4 Rxa4 28. Rxa4 Rxa4 29. Nc3 Ra1 30. e5 dxe5
31. Rb4 Nc5 32. Rb8+ Kh7 33. Bxc6 Nxd3+ 34. Ke3 Nc5 35. Rf8 Ra3 36. Kd2 Nb3+ 37. Kd1 Nd4 38. Nd5 Nxd5 39. Bxd5 Nxf5 40. Bxf7 Ne3+
41. Ke2 Nxg2 42. Bg8+ Kg6 43. Bf7+ Kg5 44. Kf2 Nf4 45. Rg8 Kf6 46. Bc4 g5 47. Rf8+ Kg6 48. Rg8+ Kf5 49. Rf8+ Ke4 50. Rh8 g4
51. Rxh6 g3+ 52. Kg1 Ra1+
0-1

[Event "The Magnificent Seven"]
[Site "SchemingMind.com"]
[Date "2010.03.12"]
[Round "-"]
[White "David Hartley"]
[Black "XTC"]
[Result "0-1"]
[WhiteCountry "ENG"]
[BlackCountry "COL"]
[WhiteElo "1751"]
[WhiteRD "66"]
[BlackElo "1896"]
[BlackRD "58"]
[GameID "241713"]

1. e4 e5 2. Nf3 Nc6 3. Bc4 Nf6 4. d4 exd4 5. e5 d5 6. Bb5 Ne4 7. Nxd4 Bd7 8. Bxc6 bxc6 9. O-O Bc5 10. Be3 Qe7
11. f4 f6 12. exf6 Nxf6 13. Qd2 Ne4 14. Qe1 Rb8 15. b3 O-O 16. Nc3 Bb4 17. Nde2 Rbe8 18. a3 Ba5 19. b4 Bb6 20. Bxb6 cxb6
21. Ng3 Nxg3 22. Qxg3 Qe3+ 23. Qxe3 Rxe3 24. Nd1 Re2 25. Rc1 Bf5 26. Rf2 Rfe8 27. Nc3 Re1+ 28. Rf1 Rxc1 29. Rxc1 d4 30. Nd1 Re2
31. c3 d3 32. Kf1 d2 33. Ra1 Re1+ 34. Kf2 Bc2 35. Ra2 Rxd1 36. Ke2 Rg1
0-1

[Event "The Magnificent Seven"]
[Site "SchemingMind.com"]
[Date "2010.03.12"]
[Round "-"]
[White "David Hartley"]
[Black "Clive Everill"]
[Result "0-1"]
[WhiteCountry "ENG"]
[BlackCountry "CZE"]
[WhiteElo "1799"]
[WhiteRD "66"]
[BlackElo "1684"]
[BlackRD "50"]
[GameID "241714"]

1. e4 e6 2. d4 c5 3. c3 d5 4. e5 Qb6 5. f4 Nc6 6. Nf3 Nh6 7. Bd3 Bd7 8. Be3 Qxb2 9. Qc2 Qxa1 10. dxc5 Nf5
11. Bxf5 exf5 12. Nd2 Na5 13. Bd4 Bb5 14. Kf2 Bd3 15. Qa4+ Nc6 16. Qb3 Nxd4 17. Qa4+ Nc6 18. Qb3 Bxc5+ 19. Kg3 O-O 20. Rd1 Bc4
21. Nxc4 dxc4 22. Qc2 Rad8
0-1

[Event "The Magnificent Seven"]
[Site "SchemingMind.com"]
[Date "2010.03.14"]
[Round "-"]
[White "David Hartley"]
[Black "Arno Aartsen"]
[Result "1-0"]
[WhiteCountry "ENG"]
[BlackCountry "NED"]
[WhiteElo "1775"]
[WhiteRD "60"]
[BlackElo "1441"]
[BlackRD "104"]
[GameID "241715"]

1. e4 c5 2. c3 e5 3. Nf3 d6 4. d4 cxd4 5. cxd4 f6 6. dxe5 fxe5 7. Nc3 Nf6 8. h3 Bd7 9. Bd3 a6 10. Be3 Bc6
11. Nd2 b5 12. O-O Be7 13. f4 O-O 14. fxe5 dxe5 15. Nf3 Qd6 16. Qe2 Rd8 17. Rad1 Qc7 18. Qf2 Nbd7 19. Rd2 Bb7 20. Rc2 Qd6
21. Rd2 Qe6 22. b3 Rac8 23. Rc1 b4 24. Ne2 Rxc1+ 25. Nxc1 Rc8 26. Ne2 Bc5 27. Bc4 Qxc4 28. bxc4 Bxe4 29. Bxc5 Rxc5 30. Ng5 Bg6
31. Qf3 Rxc4 32. Qa8+ Be8 33. Rxd7 h6 34. Ne6 Nxd7 35. Qxe8+
1-0

[Event "The Magnificent Seven"]
[Site "SchemingMind.com"]
[Date "2010.03.12"]
[Round "-"]
[White "XTC"]
[Black "David Hartley"]
[Result "1-0"]
[WhiteCountry "COL"]
[BlackCountry "ENG"]
[WhiteElo "1863"]
[WhiteRD "62"]
[BlackElo "1775"]
[BlackRD "60"]
[GameID "241716"]

1. e4 e5 2. Nf3 Nc6 3. Bc4 Bc5 4. c3 Nf6 5. d4 exd4 6. cxd4 Bb4+ 7. Nc3 Bxc3+ 8. bxc3 Nxe4 9. Bf4 d5 10. Bb3 O-O
11. O-O Nxc3 12. Qd3 Ne4 13. Rac1 Ne7 14. Bxc7 Qd7 15. Ne5 Qe6 16. f3 Nf6 17. Rfe1 Qf5 18. Qxf5 Nxf5 19. Red1 Ne7 20. Bd6 Re8
21. Ba4 Nc6 22. Nxc6 Bd7 23. Ne7+ Rxe7 24. Bxe7 Bxa4 25. Rd3 Ne8 26. Rdc3 Bc6 27. f4 f6 28. g4 Nc7 29. Re3 Re8 30. Rce1 Kf7
31. Bd6 Rxe3 32. Rxe3 Ne6 33. Rd3 Ke8 34. f5 Ng5 35. h4 Ne4 36. Re3 Kf7 37. Bf4 a6 38. Kg2 Bd7 39. Rb3 Bc6 40. g5 Ke7
41. gxf6+ Kxf6 42. Be5+ Kxf5 43. Bxg7 Kg4 44. Rh3 Bb5 45. Rh1 Ng3 46. Re1 Kxh4 47. Re7 Nf5 48. Rxb7 Nxg7 49. Rxg7 h5 50. Kf3 Kh3
51. Rg5 Kh4 52. Kf4 Bc4 53. a4 Bb3 54. a5 Bc4 55. Rg1 Kh3 56. Rh1+ Kg2 57. Rxh5 Bb3 58. Rh6 Bc4 59. Ke3 Kf1 60. Kd2 Bb5
61. Rf6+ Kg2 62. Rd6 Bc4 63. Rc6 Kf3 64. Rxc4
1-0

[Event "The Magnificent Seven"]
[Site "SchemingMind.com"]
[Date "2010.03.12"]
[Round "-"]
[White "Clive Everill"]
[Black "David Hartley"]
[Result "1-0"]
[WhiteCountry "CZE"]
[BlackCountry "ENG"]
[WhiteElo "1684"]
[WhiteRD "50"]
[BlackElo "1799"]
[BlackRD "66"]
[GameID "241717"]

1. e4 e5 2. Nc3 Nf6 3. f4 d6 4. Nf3 Nc6 5. d4 exd4 6. Nxd4 Bd7 7. Be2 Be7 8. O-O O-O 9. a3 a6 10. b4 b5
11. Be3 Nxd4 12. Bxd4 c6 13. e5 dxe5 14. fxe5 Ne8 15. Ne4 Ra7 16. Bxa7 f6 17. exf6 Nxf6 18. Nxf6+ Bxf6 19. Bc5 Re8 20. Rb1
1-0

[Event "The Magnificent Seven"]
[Site "SchemingMind.com"]
[Date "2010.03.14"]
[Round "-"]
[White "Arno Aartsen"]
[Black "David Hartley"]
[Result "0-1"]
[WhiteCountry "NED"]
[BlackCountry "ENG"]
[WhiteElo "1427"]
[WhiteRD "105"]
[BlackElo "1787"]
[BlackRD "61"]
[GameID "241718"]

1. d4 d5 2. c4 e6 3. c5 Nc6 4. Bd2 Nxd4 5. Qa4+ Nc6 6. Nf3 Bxc5 7. Ne5 Bd7 8. Nxd7 Qxd7 9. e3 a6 10. Qc2 Bd6
11. Be2 Nf6 12. O-O O-O 13. Bc3 Be5 14. Bxe5 Nxe5 15. Rc1 c6 16. Rd1 Qe7 17. a3 Nfg4 18. h3 Nf6 19. Nd2 Rfc8 20. f4 Ned7
21. Nf3 c5 22. Bd3 c4 23. Be2 b5 24. Ng5 h6 25. Nf3 Ne4 26. Kh2 f5 27. Rg1 Ndf6 28. Ne5 Nd7 29. Ng6 Qf6 30. Bh5 Nf8
31. Ne5 Kh8 32. Rac1 Qh4 33. Qe2 Qg3+ 34. Kh1 Nf2+ 35. Qxf2 Qxf2 36. Rb1 Qxe3 37. Rgf1 Kh7 38. Rbe1 Qb6 39. Bd1 Rc7 40. Bc2 Rd8
41. Rd1 d4 42. Nf3 Ng6 43. Ne1 d3 44. Bb1 Qd4
0-1

[Event "The Magnificent Seven"]
[Site "SchemingMind.com"]
[Date "2010.03.11"]
[Round "-"]
[White "petrus"]
[Black "XTC"]
[Result "1-0"]
[WhiteCountry "BEL"]
[BlackCountry "COL"]
[WhiteElo "1700"]
[WhiteRD "106"]
[BlackElo "1857"]
[BlackRD "56"]
[GameID "241763"]

1. d4 d5 2. e3 Nf6 3. Bd3 Bg4 4. f3 Bh5 5. Ne2 Nc6 6. O-O e6 7. c3 Bg6 8. Qc2 Bxd3 9. Qxd3 Bd6 10. e4 dxe4
11. fxe4 O-O 12. Bg5 Bxh2+ 13. Kh1 Bd6 14. Bxf6 gxf6 15. Rf3 f5 16. exf5 Qh4+ 17. Rh3 Qf2 18. fxe6 Qf1+ 19. Ng1 Qxd3 20. Rxd3 fxe6
21. Nd2 e5 22. d5 Ne7 23. Ngf3 Rae8 24. Re1 Ng6 25. g3 h6 26. Ne4 b5 27. b3 a6 28. c4 Bb4 29. Rb1 Kh8 30. a3 Bd6
31. Kg2 Kg7 32. c5 Bxc5 33. Nxc5 e4 34. Nxe4 Rxe4 35. Rc1 Rf7 36. Rc6 Re2+ 37. Kg1
1-0

[Event "The Magnificent Seven"]
[Site "SchemingMind.com"]
[Date "2010.03.12"]
[Round "-"]
[White "petrus"]
[Black "David Hartley"]
[Result "1-0"]
[WhiteCountry "BEL"]
[BlackCountry "ENG"]
[WhiteElo "1792"]
[WhiteRD "92"]
[BlackElo "1783"]
[BlackRD "63"]
[GameID "241764"]

1. d4 d5 2. e3 Nf6 3. Bd3 e6 4. Nd2 c5 5. c3 Bd6 6. f3 Nc6 7. Ne2 O-O 8. e4 dxe4 9. fxe4 cxd4 10. cxd4 Bb4
11. Qa4 Be7 12. Nf3 Bd7 13. Qd1 Bb4+ 14. Bd2 Bxd2+ 15. Qxd2 Qb6 16. e5 Ne8 17. Qc2 f6 18. Bxh7+ Kh8 19. exf6 Rxf6 20. Bg6 Nxd4
21. Nexd4 e5 22. Bxe8 Rxe8 23. Ne2 e4 24. Nfd4 Bg4 25. Qb3 Qa5+ 26. Qc3 Qh5 27. Ng3 Qd5 28. Rf1 Ref8 29. Rxf6 Rxf6 30. h3 Bd7
31. O-O-O Qxa2 32. Nxe4 Rf8 33. Qa3 Rc8+ 34. Kd2 Qxa3 35. bxa3 Rd8 36. Rc1 Bc6 37. Ke3 Bd5 38. Nf3 Re8 39. Ng5 Bc6 40. Rf1 Kg8
41. h4 Re5 42. Rd1 g6 43. Rd6 Kg7 44. g4 Ra5 45. Rd3 Ra4 46. Ne6+ Kh6 47. Nf6
1-0

[Event "The Magnificent Seven"]
[Site "SchemingMind.com"]
[Date "2010.03.12"]
[Round "-"]
[White "petrus"]
[Black "Clive Everill"]
[Result "1-0"]
[WhiteCountry "BEL"]
[BlackCountry "CZE"]
[WhiteElo "1792"]
[WhiteRD "98"]
[BlackElo "1684"]
[BlackRD "50"]
[GameID "241765"]

1. e4 a6 2. Nf3 b5 3. d4 Bb7 4. Bd3 e6 5. Qe2 c5 6. c3 c4 7. Bc2 Be7 8. O-O Nf6 9. e5 Nd5 10. Ne1 O-O
11. f4 f5 12. Rf3 Nc7 13. Rh3 g6 14. Be3 Nd5 15. Bd1 Nxe3 16. Qxe3 Nc6 17. Qg3 Kh8 18. Nf3 Rf7 19. Nbd2 Rg7 20. Ng5 Bxg5
21. fxg5 Qe7 22. Qf4 Nd8 23. Bf3 Nc6 24. d5 exd5 25. Re1 Qc5+ 26. Kf1 b4 27. Qh4 bxc3 28. bxc3 Re8 29. Qf4 d6 30. exd6 Rxe1+
31. Kxe1 Qg1+ 32. Nf1 Qc5 33. g4 d4 34. Bxc6 Bxc6 35. Qxd4 Qxd4 36. cxd4 fxg4 37. Re3 Rd7 38. Re8+ Kg7 39. Re7+ Rxe7+ 40. dxe7 Kf7
41. Ne3 Kxe7 42. Nxg4 Kf8 43. Nf6 Kg7 44. d5 Ba4 45. Kd2 h6 46. d6 hxg5 47. d7 Bxd7 48. Nxd7 Kh6 49. Nf6 Kg7 50. Ng4 Kf7
51. Kc3 Ke6 52. Kxc4 Kf5 53. Nh6+ Kf4 54. Kc5 g4 55. Kb6 Kg5 56. Nf7+ Kh4 57. Kxa6 Kh3 58. Ne5 Kxh2 59. Nxg4+ Kg3 60. Nf6 Kf4
61. Kb5 Kf5 62. Nh7
1-0

[Event "The Magnificent Seven"]
[Site "SchemingMind.com"]
[Date "2010.03.13"]
[Round "-"]
[White "petrus"]
[Black "Arno Aartsen"]
[Result "1-0"]
[WhiteCountry "BEL"]
[BlackCountry "NED"]
[WhiteElo "1792"]
[WhiteRD "98"]
[BlackElo "1508"]
[BlackRD "100"]
[GameID "241766"]

1. d4 d5 2. e3 a6 3. Bd3 Nc6 4. c3 Nf6 5. Nd2 e6 6. e4 e5 7. exd5 Qxd5 8. Ngf3 Bg4 9. Qb3 Qxb3 10. axb3 O-O-O
11. dxe5 Rxd3 12. exf6 gxf6 13. h3 Bxf3 14. Nxf3 Bc5 15. O-O Rhd8 16. Bf4 Bd6 17. Be3 Ne5 18. Nd4 c5 19. Nf5 Bf8 20. Ng3 R8d5
21. Ne2 Nd7 22. Nf4 Ne5 23. Nxd5 Rxd5 24. Rad1 Rd7 25. Rxd7 Nxd7 26. Re1 b6 27. Bf4 Kd8 28. Rd1 Kc8 29. g4 Ne5 30. Bxe5 fxe5
31. Kg2 f6 32. Kf3 Kc7 33. Ke4 Bd6 34. Kf5 Be7 35. Ke6 Bd8 36. Rd7+ Kc8 37. Rxh7 a5 38. Rd7 Kb8 39. Rxd8+
1-0

[Event "The Magnificent Seven"]
[Site "SchemingMind.com"]
[Date "2010.03.11"]
[Round "-"]
[White "XTC"]
[Black "petrus"]
[Result "1-0"]
[WhiteCountry "COL"]
[BlackCountry "BEL"]
[WhiteElo "1857"]
[WhiteRD "56"]
[BlackElo "1700"]
[BlackRD "106"]
[GameID "241767"]

1. e4 e5 2. Nf3 Nc6 3. Bc4 d6 4. d4 exd4 5. Nxd4 Nxd4 6. Qxd4 Ne7 7. O-O c5 8. Qd3 Nc6 9. Be3 Ne5 10. Bb5+ Bd7
11. Qb3 Be7 12. Nc3 a6 13. Bxd7+ Qxd7 14. Nd5 Bd8 15. Rfd1 b5 16. a4 b4 17. c3 a5 18. cxb4 axb4 19. f4 Ng4 20. h3 Nxe3
21. Nxe3 Bb6 22. Nc4 Bc7 23. e5 d5 24. Rxd5 Qc6 25. Nd6+ Bxd6 26. Rxd6 Qe4 27. Qd5 Qe3+ 28. Kh1 O-O 29. e6 fxe6 30. Rxe6 Rad8
31. Rd6+ Kh8 32. Rxd8 Qxf4 33. Qa8 Kg8 34. Re1 h6 35. Rxf8+ Qxf8 36. Qxf8+ Kxf8 37. a5
1-0

[Event "The Magnificent Seven"]
[Site "SchemingMind.com"]
[Date "2010.03.12"]
[Round "-"]
[White "David Hartley"]
[Black "petrus"]
[Result "0-1"]
[WhiteCountry "ENG"]
[BlackCountry "BEL"]
[WhiteElo "1799"]
[WhiteRD "66"]
[BlackElo "1792"]
[BlackRD "98"]
[GameID "241768"]

1. e4 c5 2. c3 b6 3. d4 cxd4 4. cxd4 Bb7 5. d5 g6 6. Nc3 Bg7 7. Bd2 Na6 8. Rb1 Nc5 9. Bc4 d6 10. f3 a6
11. b4 Nd7 12. Nge2 Ne5 13. Bb3 Nd3+ 14. Kf1 b5 15. Qc2 Ne5 16. Kf2 Rc8 17. Rhe1 Nd7 18. Kf1 a5 19. Qd3 Ba6 20. a3 a4
21. Bxa4 Bxc3 22. Nxc3 Ne5 23. Ne2 Nxd3
0-1

[Event "The Magnificent Seven"]
[Site "SchemingMind.com"]
[Date "2010.03.12"]
[Round "-"]
[White "Clive Everill"]
[Black "petrus"]
[Result "1-0"]
[WhiteCountry "CZE"]
[BlackCountry "BEL"]
[WhiteElo "1682"]
[WhiteRD "50"]
[BlackElo "1700"]
[BlackRD "106"]
[GameID "241769"]

1. e4 c5 2. Nf3 b6 3. c3 Bb7 4. Bc4 e6 5. d3 Nc6 6. O-O Na5 7. Bb5 a6 8. Ba4 b5 9. Bc2 Bd6 10. Re1 Ne7
11. e5 Bc7 12. Bg5 O-O 13. d4 c4 14. Nbd2 h6 15. Bh4 Qe8 16. b4 Nac6 17. Be4 Nd8 18. Bxb7 Nxb7 19. Ne4 Nf5 20. Bg3 Nxg3
21. Nxg3 f6 22. exf6 Rxf6 23. Ne4 Rf8 24. d5 e5 25. d6 Bd8 26. Qd5+ Kh8 27. Qxb7 Bf6 28. Nxf6 gxf6 29. Nd4 Qg6 30. Nf3 Rg8
31. g3 Qg4 32. Qe4 Qe6 33. Rad1 Rac8 34. Nh4 Qf7 35. Nf5
1-0

[Event "The Magnificent Seven"]
[Site "SchemingMind.com"]
[Date "2010.03.13"]
[Round "-"]
[White "Arno Aartsen"]
[Black "petrus"]
[Result "0-1"]
[WhiteCountry "NED"]
[BlackCountry "BEL"]
[WhiteElo "1481"]
[WhiteRD "100"]
[BlackElo "1700"]
[BlackRD "106"]
[GameID "241770"]

1. d4 c5 2. e3 d5 3. b3 cxd4 4. exd4 e6 5. Bd2 Nc6 6. Nf3 Bd6 7. Bb5 Ne7 8. Nc3 Bd7 9. O-O a6 10. Be2 Qc7
11. g3 e5 12. Be3 e4 13. Nd2 Bh3 14. Re1 O-O 15. Bg4 Bxg4 16. Qxg4 f5 17. Qe2 f4 18. Bxf4 Bxf4 19. gxf4 Nxd4 20. Qd1 Qxc3
21. Rc1 Rxf4 22. Re3 Qc6 23. c3 Ndf5 24. Re2 Qg6+ 25. Kh1 Rf8 26. Qg1 Rg4 27. Qf1 Nc6 28. h3 Rg5 29. Kh2 Ne5 30. f4 Nh4
31. Kh1 Nd3 32. Rb1 Rxf4 33. Qd1 Rg2 34. Qg1 Nf2+ 35. Rxf2 Rfxf2 36. Rf1 Rxg1+ 37. Rxg1 Qf6 38. Rg4 Rxd2
0-1

[Event "The Magnificent Seven"]
[Site "SchemingMind.com"]
[Date "2010.03.13"]
[Round "-"]
[White "Artur"]
[Black "XTC"]
[Result "0-1"]
[WhiteCountry "POL"]
[BlackCountry "COL"]
[WhiteElo "1810"]
[WhiteRD "90"]
[BlackElo "1858"]
[BlackRD "62"]
[GameID "241914"]

1. e4 e5 2. Nf3 Nc6 3. Bc4 Bc5 4. c3 Nf6 5. d4 exd4 6. e5 Ne4 7. Bd5 Nxf2 8. Kxf2 dxc3+ 9. Kg3 cxb2 10. Bxb2 O-O
11. Qc2 d6 12. Rd1 Nb4 13. Qc4 c6 14. Be4 Be6 15. Qc3 Nxa2 16. Qe1 Bb3 17. Rd3 Qb6 18. Ba3 Bc2 19. Bxc5 dxc5 20. Rd2 Bxe4
21. Qxe4 Nc1 22. Qc4 Nb3 23. Rb2 Nxa1 24. Rxb6 axb6 25. Nbd2 h6 26. Ne4 Ra3 27. Nd6 Nb3 28. e6 fxe6 29. Qxe6+ Kh7 30. Nf5 Rf6
31. Qd7 Rg6+ 32. Kh3 Nd4 33. Nxd4 cxd4 34. Qxd4 Rg5 35. Qe4+ Kg8 36. g3 Rh5+ 37. Kg4 Raa5 38. Qe7 Rhf5 39. Qxb7 h5+ 40. Kh4 Rxf3
41. Qxc6 Rf6 42. Qe8+ Kh7 43. Qe4+ Raf5 44. g4 hxg4 45. Kxg4 g6 46. h4 b5 47. Qe7+ Rf7 48. Qe6 b4
0-1

[Event "The Magnificent Seven"]
[Site "SchemingMind.com"]
[Date "2010.03.13"]
[Round "-"]
[White "Artur"]
[Black "David Hartley"]
[Result "0-1"]
[WhiteCountry "POL"]
[BlackCountry "ENG"]
[WhiteElo "1823"]
[WhiteRD "88"]
[BlackElo "1775"]
[BlackRD "60"]
[GameID "241915"]

1. e4 e5 2. Nf3 Nc6 3. Bc4 Bc5 4. c3 Nf6 5. d4 exd4 6. e5 d5 7. exf6 dxc4 8. fxg7 Rg8 9. O-O dxc3 10. Qxd8+ Nxd8
11. Nxc3 Ne6 12. Ne5 Bd7 13. Nd5 O-O-O 14. Nxf7 Rde8 15. Ne5 Bd4 16. Nxd7 Kxd7 17. Rd1 Kc8 18. Nc3 Rxg7 19. Nb5 a6 20. Nxd4 Nxd4
21. Kf1 Nc6 22. Bd2 Rge7 23. Be3 b5 24. Rac1 Re6 25. Rc2 Nb4 26. Rcd2 Nxa2 27. b3 cxb3 28. Rb1 Nc3 29. Rxb3 Na4 30. Rd5 Nb6
31. Rh5 Nc4 32. Ke2 R8e7 33. Kf3 Nxe3 34. Rxe3 Rxe3+ 35. fxe3 b4 36. Ra5 Re6
0-1

[Event "The Magnificent Seven"]
[Site "SchemingMind.com"]
[Date "2010.03.13"]
[Round "-"]
[White "Artur"]
[Black "Clive Everill"]
[Result "1-0"]
[WhiteCountry "POL"]
[BlackCountry "CZE"]
[WhiteElo "1810"]
[WhiteRD "90"]
[BlackElo "1694"]
[BlackRD "50"]
[GameID "241916"]

1. e4 a6 2. d4 b5 3. c4 bxc4 4. Bxc4 Bb7 5. Nc3 e6 6. Qb3 Nf6 7. Qxb7 Nc6 8. Qb3 Nxd4 9. Qa4 Bc5 10. Nge2 Nxe2
11. Bxe2 Qc8 12. e5 Ng8 13. Qg4 g6 14. O-O f5 15. exf6 Nxf6 16. Qc4 Bf8 17. Bg5 Bg7 18. Qc5 Kf7 19. Rac1 c6 20. Bc4 h6
21. Bxf6 Bxf6 22. Ne4 Be7 23. Nd6+ Bxd6 24. Qxd6 Qb8 25. Rfd1 Qxd6 26. Rxd6 Ke7 27. Rcd1 Rhd8 28. h4 Ra7 29. f4 a5 30. Kf2 Raa8
31. Kf3 h5 32. g4 a4 33. gxh5 gxh5 34. Be2 Ra5 35. a3 Rd5 36. R6xd5 exd5 37. Ke3 Rh8 38. Rg1 Kf6 39. Rg5 d6 40. Bd1 Re8+
41. Kf3 d4 42. Bxa4 Re3+ 43. Kf2 c5 44. Rxh5 Rh3 45. Kg2 Rd3 46. Bd7 Rd2+ 47. Kf3 Rxb2 48. a4 Rb3+ 49. Ke2 Re3+ 50. Kd2 c4
51. Rd5 c3+ 52. Kd1 Ke7 53. Bb5 Re4 54. f5 Rxh4 55. Bd3 Rh1+ 56. Kc2 Rh2+ 57. Kb3 Rb2+ 58. Ka3 Rf2 59. Rxd4 c2 60. Kb2 Kf6
61. Rxd6+ Ke5 62. Re6+ Kd4 63. Bxc2 Kc4 64. a5
1-0

[Event "The Magnificent Seven"]
[Site "SchemingMind.com"]
[Date "2010.03.14"]
[Round "-"]
[White "Artur"]
[Black "Arno Aartsen"]
[Result "1-0"]
[WhiteCountry "POL"]
[BlackCountry "NED"]
[WhiteElo "1810"]
[WhiteRD "90"]
[BlackElo "1486"]
[BlackRD "105"]
[GameID "241917"]

1. e4 e5 2. Nf3 Nc6 3. Bc4 Qf6 4. Nc3 Nge7 5. d3 h6 6. Nb5 Kd8 7. Be3 b6 8. c3 d6 9. h3 a6 10. Na3 Be6
11. Qa4 Bxc4 12. Qxc4 b5 13. Qb3 Na5 14. Qd1 Nec6 15. b4 Nb7 16. Qb3 Be7 17. Nc2 Kd7 18. a4 Qe6 19. Qxe6+ fxe6 20. O-O Raf8
21. axb5 axb5 22. Na3 d5 23. exd5 exd5 24. Nxb5 d4 25. cxd4 exd4 26. Nbxd4 Bxb4 27. Rab1 Rb8 28. Nxc6 Kxc6 29. Rxb4 Rhd8 30. Rc1+ Kd6
31. Ba7 c5 32. Rb2 Kc6 33. Bxb8 Rxb8 34. d4 Rd8 35. dxc5 Rd5 36. Rb6+ Kc7 37. Rb5 Kc6 38. Rcb1 Nxc5 39. Rb6+ Kd7 40. Rg6 Ne6
41. Rb7+ Kc6 42. Re7 Rd1+ 43. Kh2
1-0

[Event "The Magnificent Seven"]
[Site "SchemingMind.com"]
[Date "2010.03.13"]
[Round "-"]
[White "Artur"]
[Black "petrus"]
[Result "1-0"]
[WhiteCountry "POL"]
[BlackCountry "BEL"]
[WhiteElo "1819"]
[WhiteRD "96"]
[BlackElo "1832"]
[BlackRD "94"]
[GameID "241918"]

1. e4 e5 2. Nf3 Nc6 3. Bc4 Bc5 4. c3 d6 5. d4 exd4 6. cxd4 Bb4+ 7. Nc3 a6 8. Qb3 Qe7 9. O-O Nf6 10. Nd5 Nxd5
11. exd5 Nxd4 12. Nxd4 Bc5 13. Nf3 O-O 14. Re1 Qd7 15. Be3 Bxe3 16. Qxe3 b5 17. Bb3 Bb7 18. Qd3 Rfe8 19. Ng5 g6 20. Rac1 Rxe1+
21. Rxe1 Re8 22. Rxe8+ Qxe8 23. Qe3 Qd7 24. Qh3 f5 25. Ne6 a5 26. Qh6 Qe7 27. a3 Bc8 28. Kf1 a4 29. Ba2 Ba6 30. Ke1 Bc8
31. Kd2 Bxe6 32. dxe6 d5 33. Qe3 c6 34. g3 Kg7 35. Qe5+ Kh6 36. f4 Qg7 37. e7
1-0

[Event "The Magnificent Seven"]
[Site "SchemingMind.com"]
[Date "2010.03.13"]
[Round "-"]
[White "XTC"]
[Black "Artur"]
[Result "0-1"]
[WhiteCountry "COL"]
[BlackCountry "POL"]
[WhiteElo "1857"]
[WhiteRD "56"]
[BlackElo "1884"]
[BlackRD "98"]
[GameID "241919"]

1. e4 e5 2. Nf3 Nf6 3. Bc4 Nc6 4. d4 exd4 5. Nxd4 Nxe4 6. Bxf7+ Kxf7 7. Qf3+ Nf6 8. Qb3+ d5 9. Nxc6 bxc6 10. O-O Bd6
0-1